introducing systems and control (Record no. 11898)

MARC details
000 -LEADER
fixed length control field 00267nam a22001217a 4500
082 ## - DEWEY DECIMAL CLASSIFICATION NUMBER
Classification number AUS
100 ## - MAIN ENTRY--AUTHOR NAME
Personal name Auslander david M
245 ## - TITLE STATEMENT
Title introducing systems and control
250 ## - EDITION STATEMENT
Edition statement 3rd ed
260 ## - PUBLICATION, DISTRIBUTION, ETC. (IMPRINT)
Place of publication New York
Name of publisher McGraw hill
Year of publication 1974
300 ## - PHYSICAL DESCRIPTION
Number of Pages 514.60
942 ## - ADDED ENTRY ELEMENTS (KOHA)
Koha item type Books
Holdings
Withdrawn status Lost status Home library Current library Date acquired Cost, normal purchase price Full call number Accession Number Koha item type
    Book Bank Section Book Bank Section 12/02/2020 57.00 AUS B1377 Books
    Book Bank Section Book Bank Section 12/02/2020 57.00 AUS B1378 Books
    Central Library, QUEST, Nawabshah Central Library, QUEST, Nawabshah 09/01/2015 514.00 AUS 5960 Books